Online
Catalog
Normal view MARC view

Entry Nombre corporativo

Number of records used in: 5

001 - NÚMERO DE CONTROL

  • campo de control: 79861

003 - IDENTIFICADOR DEL NÚMERO DE CONTROL

  • campo de control: DO-SdBNP

005 - FECHA Y HORA DE LA ÚLTIMA TRANSACCIÓN

  • campo de control: 20210913154842.0

008 - DATOS DE LONGITUD FIJA

  • campo de control de longitud fija: 210913|| aca||aabn | a|a d

040 ## - FUENTE DE LA CATALOGACIÓN

  • Centro catalogador/agencia de origen: DO-SdBNP
  • Centro/agencia transcriptor: DO-SdBNP

110 ## - ENCABEZAMIENTO-NOMBRE DE ENTIDAD CORPORATIVA

  • Nombre de entidad corporativa o nombre de jurisdicción como elemento de entrada: Universidad Nacional a Distancia,
  • Sede del congreso/Lugar de la reunión: Santiago de los caballeros, República Dominicana
  • Fecha del congreso/reunión o de la firma de un tratado: 2018

670 ## - FUENTE DE DATOS ENCONTRADOS

  • Cita de la fuente: Work cat.: (DO-SdBNP)50482: Universidad Nacional a Distancia, Santiago de los caballeros, República Dominicana 2018, 54 Quincuagésima octava graduación ordinaria :, 2017

Powered by Koha